| 000 | 01085cam a2200313 4500 | ||
|---|---|---|---|
| 008 | 090401t1995 xxu||||| |||| 00| 0 eng d | ||
| 020 | _a0728202603 | ||
| 035 | _a(Sirsi) u35050 | ||
| 041 | _aeng | ||
| 050 | _a690.8 | ||
| 100 | _aMarshall, Duncan | ||
| 245 | 4 | _aThe construction of houses. | |
| 250 | _a2nd ed. | ||
| 260 |
_aLondon _bEstates Gazette _c1995 |
||
| 300 | _avii,311p. : ill. ; 30cm. | ||
| 350 | _a26 | ||
| 520 | _aUpdated textbook providing a basic introduction to domestic building construction and services. Aimed primarily at students and practitioners, this work includes chapters on foundations, rendering, condensation and drainage. | ||
| 650 |
_aBlock management _96220 |
||
| 650 | _aFLAT ROOFS | ||
| 650 | _aBUILT ENVIRONMENT-BUILDING ELEMENTS-COMPLETE BUILDING ELEMENTS-FLOORS | ||
| 650 | _aHOUSE BUILDING | ||
| 650 | _aRENDERING | ||
| 650 | _aBUILT ENVIRONMENT-BUILDING ELEMENTS-COMPLETE BUILDING ELEMENTS-ROOFS | ||
| 650 | _aWINDOWS | ||
| 690 | _aBUILT ENVIRONMENT | ||
| 700 | _aWorthing, Derek | ||
| 942 | _n0 | ||
| 948 | _c04/03/1997 | ||
| 999 |
_c90030 _d90030 |
||